Ecosistema del estuario de bahía blanca /
Guardado en:
| Autor Principal: | |
|---|---|
| Otros Autores: | , , , , , , , , , , , , , , , , |
| Formato: | Libro |
| Publicado: |
Bahía Blanca :
Instituto Argentino de Oceanografía,
2004
|
| Edición: | 2a. ed. |
| Materias: | |
| Etiquetas: |
Agregar Etiqueta
Sin Etiquetas, Sea el primero en etiquetar este registro!
|
| LEADER | 03526nam a22006015a 4500 | ||
|---|---|---|---|
| 001 | CEM.cems011634 | ||
| 005 | 20090506101336.0 | ||
| 008 | 130507s2004##################000#0#####d | ||
| 003 | CEMS | ||
| 020 | |a 9879281969 | ||
| 082 | 0 | 4 | |a 577.7368 |
| 100 | 1 | |a Piccolo, María Cintia | |
| 245 | 1 | 0 | |a Ecosistema del estuario de bahía blanca / |c María Cintia Piccolo ... [et Al.] |
| 250 | |a 2a. ed. | ||
| 260 | |a Bahía Blanca : |b Instituto Argentino de Oceanografía, |c 2004 | ||
| 300 | |a 233 p. | ||
| 500 | |a Incluye Glosario | ||
| 505 | 0 | |a Por qué Bahía Blanca es un estuario? / Gerardo M. E. Perillo -- Orígenes morfológicos / Walter Daniel Melo -- Geormorfología / Diana G. Cuadrado, Silvia S. Ginsberg y Eduardo A. Gómez -- Estructura profunda del basamento y su correlación con las geoformas superficiales / Jose Kostadinoff -- Textura y minerología de sedimentos / Edgardo M. Gelós, Angel O. Marcos, Jorge O. Spagnuolo y Roberto Schillizzi -- Los tipos de fondo y su caracterización geológica por métodos sismoacústicos / Salvador Aliotta y Guillermo O. Lizasoain -- Oceonografía física / Gerardo M. E. Perilla, M. Cintia Piccolo, Elbio Palma, Daniel E. Pérez y Jorge Pierini -- Oceonografía química / Rubén Hugo Freije y Jorge E. Marcovecchio -- Climatología / Alicia M. Capelli de Steffens y Alicia Campo de Ferreras / Meteorología del puerto de Coronel Rosales / María Cintia Piccolo y Paula Gabriela Diez -- Fitoplancton / Cecilia A. Popovich -- Marismas y algas bentónicas / Elisa R. Parodi -- Estudios microbiológicos. Bacterias indicadoras de contaminación / Clyde Cabezalí, Mónica Baldini y M. Amelia Cubitto -- Ciliados planctónicos / Rosa E. Pettigrosso y M. Sonia Barría de Cao -- Meso-zooplancton / Mónica S. Hoffmeyer -- Macro-zooplancton y aguas costeras adyacentes / Mónica S. Hoffmeyer y Patricia M. Cervellini -- Crustáceos Pelágicos / Patricia M. Cervellini -- Asociaciones bentónicas de fondos duros y comunidades incrustantes / Claudia S. Bremec, Daniel E. Martínez y Rodolfo Elías -- Comunidades bentónicas de fondos blandos / Rodolfo Elías, Oscar Iribarne, Claudia S. Bremec y Daniel E. Martínez -- Peces / Andrea C. López Cazorla -- Aves marinas y costeras / Kaspar Delhey y Pablo Petracci -- Mamiferos marinos / Guillermo Luis Fidalgo | |
| 653 | |a Ecosistema | ||
| 653 | |a Estuario | ||
| 653 | |a Oceanografía | ||
| 653 | |a Oceanografía física | ||
| 653 | |a Oceanografía química | ||
| 653 | |a Geomorfología | ||
| 653 | |a Peces | ||
| 653 | |a Aves marinas | ||
| 653 | |a Costas | ||
| 653 | |a Biología | ||
| 653 | |a Biología marina | ||
| 653 | |a Bahía blanca | ||
| 653 | |a Bahía blanca-estuario | ||
| 653 | |a Bahía blanca-ria | ||
| 653 | |a Bahía blanca-fauna y flora | ||
| 653 | |a Ecología | ||
| 700 | 1 | |a Hoffmeyer, Mónica S. | |
| 700 | 1 | |a Perillo, Gerardo M.e. | |
| 700 | 1 | |a Melo, Walter Daniel | |
| 700 | 1 | |a Cuadrado, Diana G. | |
| 700 | 1 | |a Ginsberg, Silvia S. | |
| 700 | 1 | |a Gómez, Eduardo A. | |
| 700 | 1 | |a Kostadinoff, José | |
| 700 | 1 | |a Gelós, Edgardo | |
| 700 | 1 | |a Marcos, Angel A. | |
| 700 | 1 | |a Spagnuolo, Jorge O. | |
| 700 | 1 | |a Schillizzi, Roberto A. | |
| 700 | 1 | |a Aliotta, Salvador | |
| 700 | 1 | |a Lizasoain, Guillermo O. | |
| 700 | 1 | |a Palma, Elbio | |
| 700 | 1 | |a Piccolo, Ma. Cintia | |
| 700 | 1 | |a Pérez, Daniel E. | |
| 700 | 1 | |a Pierini, Jorge | |
| 859 | |a CEMS |b BIB. CEMS - 11 de abril |h 577.7368 |i P59a2 |p 22591.04 |t Ej.1 | ||
| 859 | |a CEMS |b BIB. CEMS - 11 de abril |h 577.7368 |i P59a2 |p 22698.04 |t Ej.2 | ||
